Super Mario 64 étoiles de puissance sur une carte: Baie des pirates - Statistiques

Statistiques générales
  • Ce quiz a été pris 85 fois
  • Le résultat moyen est 5 sur 7
Réponses sur la Carte
Les réponses sont colorées sur une échelle allant du rouge au vert en fonction du pourcentage des utilisateurs qui les ont devinées à leur premier essai. Vous pouvez retrouver ces pourcentages ci-dessous.
 
Statistiques - réponses
# Star % Correct
1 Pillez le {bateau} coulé
100%
2 L'{anguille} veut faire joujou ?
93%
4 {Pièces} {rouges} à bord !
88%
7 Interrupteur d'{Etoile} de la baie
80%
3 {Trésor} de la caverne océanique
60%
6 A travers le {courant}
58%
5 Canon vers les {piliers}
45%
Aucun quiz correspondant
Distribution des résultats
% des personnes avec chaque résultat
Percentile par nombre de réponses
Votre historique - résultats
Vous n’avez pas pris ce quiz